01076nab a2200301 uc450000100070000000500170000700800410002403500110006503500210007604000130009704100080011010000440011824500640016265000310022665000230025765000220028065000270030265000240032965000230035365000220037665000230039870000450042170000510046670000440051770000380056170000460059977301290064571797920240416090826.0020207e20000601 spa  a717979 a(OCoLC)819931486 ccomduadb aspa10aGarcía López, Juan Manuel4auteaut13aEl uso de la imagen filmica en la ensenanza de la filosofia aEducación y tecnología aImagen audiovisual 7aAprendizaje2lemb aAprendizaje perceptivo aAprendizaje virtual 7aConocimiento2lemb 7aPensamiento2lemb 7aPercepción2lemb10aGiraldo Estrada, Emerson Waldo4auteaut10aAlfonso Talero, Oscar Emilio,d1977-4auteaut10aAristizabal Montoya, Santiago4auteaut10aGordillo, Cesar Eduardo4auteaut10aRamirez Ardila, Edinson Enrique4auteaut0 tCuadernos de Filosofía Latinoamericana (Bogotá)gNúmero 078-079, Enero-Junio 2000, p. 100-119w96685x0120-8462092044